| 000 | 02006cam a2200421 i 4500 | ||
|---|---|---|---|
| 003 | PE-LiUPU | ||
| 005 | 20260212180113.0 | ||
| 008 | 2511 s2008 ag a rb 001 0 spa d | ||
| 020 | _a9789875674646 | ||
| 035 | _aPE-LiUPU00080 | ||
| 040 |
_aPE-LiUPU _bspa _cPE-LiUPU _erda |
||
| 041 | 1 |
_aspa _heng |
|
| 082 | 0 | 4 |
_a618.9201 _223 _bK69c |
| 090 |
_a618.9201 _bK55c |
||
| 100 | 1 |
_aKnight, John F., _eautor. _98002 |
|
| 245 | 1 | 0 |
_aCreciendo con salud : _bguía médica para el bienestar materno infantil / _cDr. John F. Knight. |
| 250 | _aPrimera edición. | ||
| 264 | 1 |
_aFlorida, Buenos Aires : _bAsociación Casa Editora Sudamericana, _c2008. |
|
| 264 | 3 | _aImpreso en Argentina. | |
| 300 |
_a416 páginas : _bilustraciones ; _c25 cm |
||
| 336 |
_atext _2rdacontent |
||
| 337 |
_aunmediated _2rdamedia |
||
| 338 |
_avolume _2rdacarrier |
||
| 500 | _aTítulo original: Family medical care. | ||
| 500 | _aIncluye índice general alfabético y registro médico familiar. | ||
| 504 | _aIncluye referencias e información médica complementaria. | ||
| 505 | _aEl embarazo y la reproducción -- Lo que debe saber una madre -- Problemas frecuentes de la niñez. | ||
| 520 | _aManual médico orientado a la salud materno-infantil que aborda de manera práctica el embarazo, el parto y las enfermedades más frecuentes de la infancia. Incluye orientación preventiva, descripción de patologías comunes, consejos sobre nutrición, desarrollo infantil, accidentes y emergencias, así como recomendaciones para el cuidado integral de la madre y el niño. | ||
| 650 | 1 | 4 | _aSalud maternoinfantil. |
| 650 | 2 | 4 |
_aEmbarazo _xAtención médica. |
| 650 | 2 | 4 | _aPediatría preventiva. |
| 650 | 2 | 4 | _aMedicina familiar. |
| 700 |
_aCollins, Sergio V., _etraductor _98003 |
||
| 700 |
_aClouzet, Gastón, _etraductor _98004 |
||
| 710 | 2 |
_aAsociación Casa Editora Sudamericana, _eeditor. |
|
| 942 |
_2ddc _cBK |
||
| 980 |
_618228 _aRebeca Esther Huerta Leyton _818226 _gJaime Vilcazán Jefe de Análisis Documental |
||
| 999 |
_c63254 _d63253 |
||